[Event "Icelandic Team Championship 2021-22 - Pr"]
[Site "Reykjavik"]
[Date "2021.09.30"]
[Round "1.1"]
[White "Kjartansson, Gudmundur"]
[Black "Hillarp Persson, Tiger"]
[Result "1/2-1/2"]
[WhiteElo "2447"]
[BlackElo "2541"]
[PlyCount "94"]
[EventDate "2021.09.30"]
[WhiteTeam "Taflfélag Reykjavíkur"]
[BlackTeam "Skákfélag Akureyrar"]

1. c4 e5 2. g3 Nc6 3. Nc3 Bc5 4. Bg2 a6 5. e3 d6 6. Nf3 Ba7 7. d4 f6 8. O-O
Nge7 9. b4 Bg4 10. d5 Nb8 11. h3 Bh5 12. Qd3 O-O 13. a3 Nd7 14. e4 Kh8 15. Nh4
Rc8 16. Nf5 Nxf5 17. exf5 Bd4 18. Be3 Bxc3 19. Qxc3 Nb6 20. g4 Bf7 21. Rfd1 Qd7
22. Be4 Na4 23. Qc2 b5 24. c5 Rfd8 25. c6 Qe8 26. h4 Rb8 27. f3 Nb6 28. Bxb6
Rxb6 29. Kf2 Ra8 30. a4 bxa4 31. Rxa4 Qb8 32. Qc3 Rb5 33. Qe3 Rxb4 34. Rxb4
Qxb4 35. Rb1 Qa5 36. Rb7 Bxd5 37. Bxd5 Qxd5 38. Rxc7 Qc4 39. Qb6 Rg8 40. Rb7 h5
41. Rb8 hxg4 42. Rxg8+ Kxg8 43. c7 gxf3 44. Kxf3 Qc3+ 45. Ke2 Qc2+ 46. Ke1 Qc1+
47. Ke2 Qc2+ 1/2-1/2

[Event "Icelandic Team Championship 2021-22 - Pr"]
[Site "Reykjavik"]
[Date "2021.09.30"]
[Round "1.1"]
[White "Bromann, Thorbjorn"]
[Black "Gretarsson, Helgi Ass"]
[Result "0-1"]
[WhiteElo "2385"]
[BlackElo "2447"]
[PlyCount "64"]
[EventDate "2021.09.30"]
[WhiteTeam "Skákfélag Akureyrar"]
[BlackTeam "Taflfélag Reykjavíkur"]

1. d4 d5 2. Bg5 f6 3. Bh4 Nh6 4. e3 Nf5 5. Bg3 h5 6. Be2 h4 7. Bf4 g5 8. Bh5+
Kd7 9. e4 dxe4 10. d5 Ng7 11. Bf7 gxf4 12. Qg4+ Kd6 13. Qxf4+ e5 14. dxe6+ Ke7
15. Nc3 Nxe6 16. Bxe6 Bxe6 17. Rd1 Qc8 18. Nxe4 Bf5 19. Ne2 Nc6 20. O-O Bh6 21.
Qf3 Ne5 22. Qa3+ Kf7 23. N2c3 Qe6 24. Nc5 Qc6 25. Qb3+ Kg6 26. Nxb7 Rab8 27.
Na5 Qa8 28. Qa4 h3 29. f3 Be3+ 30. Kh1 hxg2+ 31. Kxg2 Rxb2 32. Ne4 Rxh2+ 0-1

[Event "Icelandic Team Championship 2021-22 - Pr"]
[Site "Reykjavik"]
[Date "2021.09.30"]
[Round "1.1"]
[White "Sulypa, Oleksandr"]
[Black "Karlsson, Bjorn-Ivar"]
[Result "1/2-1/2"]
[WhiteElo "2455"]
[BlackElo "2313"]
[PlyCount "65"]
[EventDate "2021.09.30"]
[WhiteTeam "Taflfélag Reykjavíkur"]
[BlackTeam "Skákfélag Akureyrar"]

1. e4 c5 2. Nf3 Nc6 3. d4 cxd4 4. Nxd4 e5 5. Nb5 d6 6. c4 Be6 7. Bd3 g6 8. N1c3
a6 9. Na3 Bg7 10. Nc2 Nf6 11. O-O O-O 12. Rb1 Rc8 13. Bg5 h6 14. Bd2 Nd7 15. b4
Nd4 16. Nd5 Nxc2 17. Qxc2 Bxd5 18. exd5 e4 19. Bxe4 b5 20. c5 dxc5 21. bxc5
Rxc5 22. Qb3 Rc4 23. Bf3 Nc5 24. Qd1 Re8 25. Rc1 Nd3 26. Rxc4 Nb2 27. Qc1 Nxc4
28. Bxh6 Bxh6 29. Qxh6 Qa5 30. d6 Qd8 31. h4 Qxd6 32. Rd1 Qf6 33. h5 1/2-1/2

[Event "Icelandic Team Championship 2021-22 - Pr"]
[Site "Reykjavik"]
[Date "2021.09.30"]
[Round "1.1"]
[White "Thorhallsson, Simon"]
[Black "Thorhallsson, Throstur"]
[Result "0-1"]
[WhiteElo "2237"]
[BlackElo "2407"]
[PlyCount "50"]
[EventDate "2021.09.30"]
[WhiteTeam "Skákfélag Akureyrar"]
[BlackTeam "Taflfélag Reykjavíkur"]

1. e4 c5 2. Nf3 d6 3. d4 cxd4 4. Nxd4 Nf6 5. Nc3 Nc6 6. Bg5 e6 7. Qd3 a6 8.
O-O-O Bd7 9. f4 Qc7 10. Nf3 Ng4 11. Qe2 h6 12. Bh4 Qb6 13. Rd3 Nb4 14. Rd4 g5
15. fxg5 Bg7 16. e5 Nxe5 17. Qe4 a5 18. gxh6 Bxh6+ 19. Kb1 Nxf3 20. Qxf3 Qxd4
21. Bf6 Qd2 22. Bb5 Bxb5 23. Nxb5 Rc8 24. Nd4 Nxc2 25. Qxb7 Na3+ 0-1

[Event "Icelandic Team Championship 2021-22 - Pr"]
[Site "Reykjavik"]
[Date "2021.09.30"]
[Round "1.1"]
[White "Johannesson, Ingvar Thor"]
[Black "Thorgeirsson, Jon Kristinn"]
[Result "1/2-1/2"]
[WhiteElo "2346"]
[BlackElo "2257"]
[PlyCount "100"]
[EventDate "2021.09.30"]
[WhiteTeam "Taflfélag Reykjavíkur"]
[BlackTeam "Skákfélag Akureyrar"]

1. d4 e6 2. c4 Nf6 3. g3 Bb4+ 4. Nd2 Nc6 5. Ngf3 d5 6. Bg2 dxc4 7. O-O c3 8.
Nc4 cxb2 9. Bxb2 O-O 10. Qc2 Re8 11. e4 Bf8 12. Rad1 Nb4 13. Qb1 b6 14. a3 Nc6
15. d5 exd5 16. exd5 Ne7 17. d6 Nf5 18. Nfe5 Nxd6 19. Nxd6 cxd6 20. Bxa8 Ba6
21. Bg2 Bxf1 22. Bxf1 Qc8 23. Nd3 Ne4 24. Bg2 d5 25. Qc1 Qd7 26. Ne5 Qa4 27.
Rxd5 Nf6 28. Qd1 Qxd1+ 29. Rxd1 Bxa3 30. Bxa3 Rxe5 31. Bb2 Re8 32. Bc6 Rc8 33.
Bb7 Rb8 34. Be5 Re8 35. f4 Ng4 36. Bc6 Rf8 37. Rd7 f6 38. Bd6 Rc8 39. Bd5+ Kh8
40. Rc7 Re8 41. Rxa7 Re1+ 42. Kg2 h5 43. Bf7 Re2+ 44. Kg1 Re1+ 45. Kg2 Re2+ 46.
Kf1 Rd2 47. Ra8+ Kh7 48. Bg8+ Kh6 49. Bf8 Nxh2+ 50. Ke1 Nf3+ 1/2-1/2

[Event "Icelandic Team Championship 2021-22 - Pr"]
[Site "Reykjavik"]
[Date "2021.09.30"]
[Round "1.1"]
[White "Halldorsson, Halldor"]
[Black "Omarsson, Dadi"]
[Result "1-0"]
[WhiteElo "2227"]
[BlackElo "2223"]
[PlyCount "41"]
[EventDate "2021.09.30"]
[WhiteTeam "Skákfélag Akureyrar"]
[BlackTeam "Taflfélag Reykjavíkur"]

1. e4 c5 2. Nf3 Nc6 3. Bb5 d6 4. O-O Bd7 5. Re1 a6 6. Bf1 Nf6 7. c3 Bg4 8. h3
Bxf3 9. Qxf3 g6 10. d3 Bg7 11. Nd2 O-O 12. g4 b5 13. Bg2 Rb8 14. Qg3 Qc7 15. f4
Nd7 16. a3 a5 17. h4 b4 18. e5 bxc3 19. bxc3 dxe5 20. Nc4 Rb3 21. Bxc6 1-0

[Event "Icelandic Team Championship 2021-22 - Pr"]
[Site "Reykjavik"]
[Date "2021.09.30"]
[Round "1.1"]
[White "Viglundsson, Bjorgvin"]
[Black "Karason, Askell O"]
[Result "1/2-1/2"]
[WhiteElo "2219"]
[BlackElo "2270"]
[PlyCount "34"]
[EventDate "2021.09.30"]
[WhiteTeam "Taflfélag Reykjavíkur"]
[BlackTeam "Skákfélag Akureyrar"]

1. d4 e6 2. c4 Nf6 3. Nc3 Bb4 4. Bd2 c5 5. a3 Bxc3 6. Bxc3 Ne4 7. Rc1 d6 8.
dxc5 Nxc3 9. Rxc3 dxc5 10. Qxd8+ Kxd8 11. g3 Bd7 12. Bg2 Bc6 13. Nf3 Nd7 14.
O-O Ke7 15. b4 cxb4 16. axb4 a5 17. bxa5 Rxa5 1/2-1/2

[Event "Icelandic Team Championship 2021-22 - Pr"]
[Site "Reykjavik"]
[Date "2021.09.30"]
[Round "1.1"]
[White "Bergsson, Stefan"]
[Black "Birkisson, Bardur Orn"]
[Result "0-1"]
[WhiteElo "2147"]
[BlackElo "2163"]
[PlyCount "64"]
[EventDate "2021.09.30"]
[WhiteTeam "Skákfélag Akureyrar"]
[BlackTeam "Taflfélag Reykjavíkur"]

1. e4 e5 2. Nf3 Nc6 3. Bc4 Nf6 4. d3 Bc5 5. c3 a6 6. Bg5 h6 7. Bh4 d6 8. Nbd2
Ba7 9. b4 g5 10. Nxg5 hxg5 11. Bxg5 Rg8 12. h4 Qe7 13. Nf1 Rg6 14. Ng3 Qf8 15.
Nf5 Nh7 16. b5 axb5 17. Bxb5 Nxg5 18. hxg5 Rxg5 19. f4 Rxg2 20. Qh5 Qg8 21. Bc4
Bxf5 22. Qxf5 Rg1+ 23. Rxg1 Qxg1+ 24. Ke2 Qf2+ 25. Kd1 Qxf4 26. Qh3 Ke7 27. Qh7
Qf6 28. Bxf7 Qxf7 29. Qh4+ Kd7 30. Qh3+ Qe6 31. Qh7+ Ne7 32. Kc2 Rf8 0-1

[Event "Icelandic Team Championship 2021-22 - Pr"]
[Site "Reykjavik"]
[Date "2021.09.30"]
[Round "1.2"]
[White "Hjartarson, Johann"]
[Black "Steingrimsson, Hedinn"]
[Result "0-1"]
[WhiteElo "2519"]
[BlackElo "2519"]
[PlyCount "98"]
[EventDate "2021.09.30"]
[WhiteTeam "Víkingaklúbburinn"]
[BlackTeam "Skákdeild Fjölnis"]

1. c4 c6 2. Nf3 d5 3. b3 Bg4 4. Bb2 e6 5. e3 Nd7 6. Be2 Ngf6 7. O-O Bd6 8. d4
O-O 9. Nc3 Re8 10. h3 Bh5 11. Ne5 Bxe2 12. Nxe2 Qc7 13. Nd3 dxc4 14. bxc4 c5
15. Rc1 Rac8 16. Qb3 b6 17. Rfd1 cxd4 18. exd4 Ne4 19. Ba1 e5 20. Qb2 f5 21.
Qb5 Kh8 22. dxe5 Nxe5 23. Nxe5 Bxe5 24. Rd7 Qc5 25. Bxe5 Rxe5 26. Qxc5 Nxc5 27.
Rd2 g6 28. Nf4 Kg7 29. h4 Kf7 30. g3 Re7 31. Kg2 Ne6 32. Nd3 Nc5 33. Nf4 Ne4
34. Rdc2 Rc5 35. f3 Nf6 36. Nd3 Ra5 37. Kf2 Ra3 38. Rd2 Ne4+ 39. fxe4 fxe4 40.
Re1 exd3 41. Rxe7+ Kxe7 42. Ke3 Ke6 43. Kd4 Kf5 44. c5 bxc5+ 45. Kxc5 a5 46.
Kd4 Kg4 47. Ke3 Kxg3 48. Rb2 d2+ 49. Kxd2 Kxh4 0-1

[Event "Icelandic Team Championship 2021-22 - Pr"]
[Site "Reykjavik"]
[Date "2021.09.30"]
[Round "1.2"]
[White "Kulaots, Kaido"]
[Black "Thorfinnsson, Bjorn"]
[Result "1/2-1/2"]
[WhiteElo "2530"]
[BlackElo "2386"]
[PlyCount "54"]
[EventDate "2021.09.30"]
[WhiteTeam "Skákdeild Fjölnis"]
[BlackTeam "Víkingaklúbburinn"]

1. e4 e5 2. Nf3 Nc6 3. Bb5 d6 4. d4 Bd7 5. O-O Nf6 6. Nc3 exd4 7. Nxd4 Nxd4 8.
Bxd7+ Qxd7 9. Qxd4 Be7 10. b3 O-O 11. Bb2 Rfe8 12. h3 Bf8 13. Rfe1 c6 14. Re3
Re6 15. Ne2 Rae8 16. Ng3 b6 17. Qd3 Qc7 18. c4 d5 19. cxd5 Nxd5 20. Ree1 Nf4
21. Qf3 Rd8 22. Rad1 Rxd1 23. Rxd1 Rd6 24. Nh5 Rxd1+ 25. Qxd1 Nxh5 26. Qxh5 g6
27. Qf3 Bg7 1/2-1/2

[Event "Icelandic Team Championship 2021-22 - Pr"]
[Site "Reykjavik"]
[Date "2021.09.30"]
[Round "1.2"]
[White "Gunnarsson, Jon Viktor"]
[Black "Ragnarsson, Dagur"]
[Result "1-0"]
[WhiteElo "2436"]
[BlackElo "2376"]
[PlyCount "129"]
[EventDate "2021.09.30"]
[WhiteTeam "Víkingaklúbburinn"]
[BlackTeam "Skákdeild Fjölnis"]

1. c4 e5 2. Nc3 Nf6 3. g3 d5 4. cxd5 Nxd5 5. Bg2 Nb6 6. Nf3 Nc6 7. Rb1 Bf5 8.
d3 Qd7 9. Be3 Bh3 10. Bxh3 Qxh3 11. Qb3 Be7 12. a3 O-O 13. Ne4 h6 14. Rc1 Rae8
15. Rg1 Qc8 16. g4 Kh7 17. h4 f5 18. gxf5 Rxf5 19. Ng3 Rff8 20. Nh5 g6 21. Ng3
Qd7 22. Ne4 Qd5 23. Qc2 Bd8 24. Qd2 Qa5 25. Bxh6 Qxd2+ 26. Bxd2 Rxf3 27. exf3
Nd4 28. Rg3 Nd5 29. Bg5 c6 30. Kf1 Bxg5 31. Nxg5+ Kg7 32. Nh3 Kf6 33. Re1 Rh8
34. Re4 Ne6 35. Rgg4 Nc5 36. d4 Nxe4 37. fxe4 Ne7 38. dxe5+ Kxe5 39. Ke2 c5 40.
Ke3 c4 41. Ng1 Kf6 42. Nf3 Rd8 43. e5+ Ke6 44. Ng5+ Kd7 45. Rxc4 Nf5+ 46. Ke4
Rh8 47. e6+ Ke7 48. Ke5 Rxh4 49. Rc7+ Kd8 50. Rxb7 Rh1 51. Kf6 Re1 52. Kxg6
Ne7+ 53. Kf7 Nc6 54. Rd7+ Kc8 55. Rd5 Ne5+ 56. Ke7 Re2 57. b4 Ng6+ 58. Kf6 Nf4
59. Rc5+ Kb7 60. e7 Nd3 61. Ne6 Nxc5 62. bxc5 Rxf2+ 63. Kg5 Rg2+ 64. Kf4 Rg8
65. Nf8 1-0

[Event "Icelandic Team Championship 2021-22 - Pr"]
[Site "Reykjavik"]
[Date "2021.09.30"]
[Round "1.2"]
[White "Bjornsson, Sigurbjorn"]
[Black "Kjartansson, David"]
[Result "1/2-1/2"]
[WhiteElo "2306"]
[BlackElo "2326"]
[PlyCount "203"]
[EventDate "2021.09.30"]
[WhiteTeam "Skákdeild Fjölnis"]
[BlackTeam "Víkingaklúbburinn"]

1. e4 d6 2. d4 Nf6 3. Nc3 e5 4. Nf3 Nbd7 5. Bc4 Be7 6. O-O c6 7. a4 Qc7 8. Re1
h6 9. b3 Nf8 10. Bb2 Ng6 11. h3 O-O 12. a5 Bd7 13. Bf1 Rad8 14. a6 b5 15. Ba3
Rfe8 16. Bb4 Rb8 17. Qd2 Qc8 18. dxe5 dxe5 19. Bxe7 Rxe7 20. Qd6 Be8 21. b4 Rb6
22. Nh4 Re6 23. Nxg6 fxg6 24. Qc5 Nd7 25. Qe3 Kh7 26. Be2 h5 27. Nb1 c5 28. c4
cxb4 29. cxb5 Qc5 30. Rc1 Qxe3 31. fxe3 Nf6 32. Nd2 Bxb5 33. Bxb5 Rxb5 34. Rc7
b3 35. Rxa7 b2 36. Rb1 Rc6 37. Rb7 Rxb7 38. axb7 Rb6 39. Nc4 Rxb7 40. Rxb2 Rc7
41. Nxe5 Nxe4 42. Rb4 Rc1+ 43. Kh2 Nd2 44. Kg3 g5 45. Kf2 Rc5 46. Ke2 Rxe5 47.
Kxd2 Ra5 48. Rc4 Kg6 49. Kd3 Ra2 50. Rc2 Ra3+ 51. Rc3 Ra2 52. Rc2 Ra3+ 53. Ke2
Ra4 54. Rd2 Kf6 55. Rd4 Ra2+ 56. Kf3 Ra3 57. Rb4 Rc3 58. Rb6+ Kf7 59. Rb7+ Kf6
60. Rb6+ Kf7 61. Ra6 Rb3 62. Rc6 Ra3 63. g4 hxg4+ 64. hxg4 g6 65. Rd6 Ra4 66.
Rd4 Ra1 67. Ke4 Ke6 68. Rc4 Rg1 69. Kf3 Rf1+ 70. Ke2 Ra1 71. Rb4 Ke5 72. Rb5+
Ke4 73. Rb4+ Ke5 74. Kf2 Rc1 75. Rb5+ Kf6 76. Rb6+ Kf7 77. Ra6 Rb1 78. Rd6 Ra1
79. Rd4 Ke6 80. Rc4 Rb1 81. Ra4 Rc1 82. Ra2 Rb1 83. Ke2 Ke5 84. Ra5+ Ke4 85.
Ra4+ Ke5 86. Kf2 Kf6 87. Kf3 Rb6 88. Rc4 Ke5 89. Rc5+ Kf6 90. Rd5 Rb4 91. Rd6+
Kf7 92. Rd4 Rb1 93. Rc4 Rb6 94. Ra4 Kf6 95. Ra5 Rb4 96. Ra6+ Kf7 97. Rd6 Ra4
98. Rd4 Ra1 99. Rd5 Kf6 100. Rd6+ Kf7 101. Ke4 Rg1 102. Kf3 1/2-1/2

[Event "Icelandic Team Championship 2021-22 - Pr"]
[Site "Reykjavik"]
[Date "2021.09.30"]
[Round "1.2"]
[White "Bjornsson, Tomas"]
[Black "Heimisson, Hilmir Freyr"]
[Result "1-0"]
[WhiteElo "2175"]
[BlackElo "2286"]
[PlyCount "115"]
[EventDate "2021.09.30"]
[WhiteTeam "Víkingaklúbburinn"]
[BlackTeam "Skákdeild Fjölnis"]

1. e4 c6 2. Nc3 d5 3. Nf3 Nf6 4. exd5 cxd5 5. Bb5+ Nc6 6. d4 Bg4 7. h3 Bh5 8.
g4 Bg6 9. Ne5 Nd7 10. Nxc6 bxc6 11. Bxc6 Rc8 12. Bb7 Rb8 13. Bxd5 e6 14. Be4
Bb4 15. Qd3 Bxc3+ 16. bxc3 Bxe4 17. Qxe4 Qa5 18. Bd2 O-O 19. O-O Rb2 20. a4 Nb6
21. Bc1 Rb5 22. Ba3 Rg5 23. Bxf8 Kxf8 24. f4 Rd5 25. Qd3 h5 26. Rae1 hxg4 27.
hxg4 Nd7 28. c4 Rd6 29. Qa3 Qc7 30. c5 Rc6 31. c4 Kg8 32. Qf3 Nf6 33. g5 Nd7
34. Re2 Nf8 35. Qe4 Ra6 36. Rb2 Rxa4 37. Rb7 Qc8 38. Rfb1 e5 39. f5 Qd8 40. f6
gxf6 41. Qd5 Qe8 42. Rb8 Qe7 43. g6 exd4 44. Qxf7+ Qxf7 45. gxf7+ Kxf7 46.
R1b7+ Kg8 47. Rd8 d3 48. Rxd3 Rxc4 49. Rg3+ Kh8 50. Rh3+ Kg8 51. Rg3+ Kh8 52.
Rb8 Rc1+ 53. Kg2 Rc2+ 54. Kh3 Rxc5 55. Rxf8+ Kh7 56. Rf7+ Kh8 57. Rxf6 Kh7 58.
Rf4 1-0

[Event "Icelandic Team Championship 2021-22 - Pr"]
[Site "Reykjavik"]
[Date "2021.09.30"]
[Round "1.2"]
[White "Halldorsson, Jon Arni"]
[Black "Petursson, Gudni"]
[Result "1-0"]
[WhiteElo "2103"]
[BlackElo "2016"]
[PlyCount "141"]
[EventDate "2021.09.30"]
[WhiteTeam "Skákdeild Fjölnis"]
[BlackTeam "Víkingaklúbburinn"]

1. d4 Nf6 2. Nf3 g6 3. Bf4 Bg7 4. e3 O-O 5. Be2 d5 6. h3 c5 7. c3 cxd4 8. exd4
Nc6 9. O-O a6 10. Nbd2 b6 11. Re1 Bb7 12. Bd3 e6 13. Qe2 Nh5 14. Bh2 Bh6 15. g3
Bg7 16. g4 Nf6 17. Ne5 Nd7 18. Nxc6 Bxc6 19. Bxa6 Qh4 20. Kg2 Rfe8 21. Bb5 Bxb5
22. Qxb5 Qd8 23. Nf3 Qc8 24. Ne5 Nf6 25. Nd3 h5 26. f3 hxg4 27. hxg4 Nd7 28.
Ne5 Nxe5 29. Bxe5 Bxe5 30. dxe5 Qd8 31. Qe2 Kg7 32. Qe3 Rh8 33. Rh1 Qe7 34. a3
b5 35. g5 Rh5 36. Rxh5 gxh5 37. Rh1 Rh8 38. Rh4 Kg6 39. f4 Qb7 40. Kg3 Qd7 41.
Qd3+ Kg7 42. Rh1 Qc6 43. Qd4 Qc4 44. Qe3 Qa4 45. Qd3 Qc4 46. Rd1 h4+ 47. Kg4
Qb3 48. Qe2 Qa4 49. Rd4 Qa7 50. Kh3 Qc5 51. Qd3 Qb6 52. f5 exf5 53. Qxf5 Qe6
54. Qxe6 fxe6 55. Rxh4 Rc8 56. Rh6 Rc6 57. Rf6 Ra6 58. Kg4 Ra4+ 59. Kh5 d4 60.
cxd4 Rxd4 61. Rxe6 b4 62. g6 bxa3 63. bxa3 Ra4 64. Re7+ Kf8 65. Rf7+ Kg8 66.
Rf3 Re4 67. Kh6 Rxe5 68. Rb3 Re8 69. a4 Kf8 70. a5 Ke7 71. Re3+ 1-0

[Event "Icelandic Team Championship 2021-22 - Pr"]
[Site "Reykjavik"]
[Date "2021.09.30"]
[Round "1.2"]
[White "Palsson, Halldor"]
[Black "Thorsteinsson, Erlingur"]
[Result "1-0"]
[WhiteElo "1978"]
[BlackElo "2051"]
[PlyCount "49"]
[EventDate "2021.09.30"]
[WhiteTeam "Víkingaklúbburinn"]
[BlackTeam "Skákdeild Fjölnis"]

1. d4 e6 2. c4 Bb4+ 3. Bd2 c5 4. Bxb4 cxb4 5. e4 d5 6. cxd5 exd5 7. e5 Ne7 8.
Bd3 Nbc6 9. Ne2 Bf5 10. Bxf5 Nxf5 11. Qd3 Qd7 12. O-O O-O 13. Nd2 f6 14. f4
Rae8 15. Nf3 Nfe7 16. Rad1 a6 17. Rd2 Qf5 18. Qxf5 Nxf5 19. Rc1 Rc8 20. Rdc2
Ne3 21. Rc5 Rfd8 22. Kf2 Nc4 23. b3 b6 24. Rxc6 Rxc6 25. bxc4 {unreadable} 1-0

[Event "Icelandic Team Championship 2021-22 - Pr"]
[Site "Reykjavik"]
[Date "2021.09.30"]
[Round "1.2"]
[White "Hauksson, Hordur Aron"]
[Black "Baldursson, Haraldur"]
[Result "1-0"]
[WhiteElo "1846"]
[BlackElo "1894"]
[PlyCount "53"]
[EventDate "2021.09.30"]
[WhiteTeam "Skákdeild Fjölnis"]
[BlackTeam "Víkingaklúbburinn"]

1. d4 Nf6 2. c4 e6 3. Nc3 d5 4. Nf3 Nbd7 5. e3 c6 6. Qc2 Bd6 7. b3 O-O 8. Bd3
Re8 9. O-O Qe7 10. e4 dxe4 11. Nxe4 Nxe4 12. Bxe4 h6 13. Bb2 c5 14. Rad1 Nf6
15. dxc5 Bxc5 16. Ne5 Nxe4 17. Qxe4 a5 18. Rd3 Ra6 19. Rg3 f5 20. Qf4 Kh7 21.
Nf7 g5 22. Nxg5+ hxg5 23. Rxg5 e5 24. Rh5+ Kg7 25. Re1 Bd6 26. Qg3+ Kf6 27.
Rh6+ 1-0

[Event "Icelandic Team Championship 2021-22 - Pr"]
[Site "Reykjavik"]
[Date "2021.09.30"]
[Round "1.3"]
[White "Gretarsson, Hjorvar Steinn"]
[Black "Stefansson, Vignir Vatnar"]
[Result "1-0"]
[WhiteElo "2597"]
[BlackElo "2383"]
[PlyCount "103"]
[EventDate "2021.09.30"]
[WhiteTeam "Taflfélag Garðabæjar"]
[BlackTeam "Skákdeild Breiðabliks"]

1. e4 e5 2. Nf3 Nf6 3. Nc3 Nc6 4. Bb5 Nd4 5. Ba4 c6 6. Nxe5 Qe7 7. Nf3 Nxe4 8.
O-O Nxf3+ 9. Qxf3 Nc5 10. d4 Nxa4 11. Nxa4 d5 12. Bf4 Qf6 13. c4 Be6 14. cxd5
Bxd5 15. Rfe1+ Be7 16. Qg3 O-O 17. Be5 Qg6 18. Bxg7 Rfe8 19. Be5 Qxg3 20. hxg3
f6 21. Bf4 Bb4 22. Rxe8+ Rxe8 23. a3 b5 24. axb4 bxa4 25. Rxa4 Re1+ 26. Kh2 Re2
27. Be3 Rxb2 28. Rxa7 Rxb4 29. g4 Be4 30. Kg3 Rc4 31. Rc7 Kf8 32. Ra7 Ke8 33.
Rc7 Kf8 34. Kf4 Bd3 35. g5 fxg5+ 36. Kxg5 Ke8 37. Kf6 Kd8 38. Ra7 h5 39. Ke5
Bf1 40. g3 Bg2 41. Rf7 Ke8 42. Rh7 Rb4 43. Ke6 Bd5+ 44. Kd6 Bf3 45. Re7+ Kf8
46. Ke6 Kg8 47. Kf6 Rb8 48. Kg6 Rd8 49. Bf4 Kf8 50. Re3 Bd1 51. Be5 Rd7 52. Rc3
1-0

[Event "Icelandic Team Championship 2021-22 - Pr"]
[Site "Reykjavik"]
[Date "2021.09.30"]
[Round "1.3"]
[White "Jensson, Einar Hjalti"]
[Black "Stefansson, Hannes"]
[Result "0-1"]
[WhiteElo "2316"]
[BlackElo "2511"]
[PlyCount "72"]
[EventDate "2021.09.30"]
[WhiteTeam "Skákdeild Breiðabliks"]
[BlackTeam "Taflfélag Garðabæjar"]

1. d4 Nf6 2. Nf3 b6 3. g3 Bb7 4. Bg2 c5 5. c3 g6 6. O-O Bg7 7. Qb3 cxd4 8. Ne5
d5 9. cxd4 O-O 10. Nc3 Nc6 11. Rd1 e6 12. Bg5 Na5 13. Qa4 a6 14. e4 b5 15. Qa3
h6 16. Bxf6 Bxf6 17. exd5 exd5 18. Rac1 Be7 19. b4 Nc4 20. Qb3 Rb8 21. a4 bxa4
22. Nxa4 Ba8 23. Nd3 Bxb4 24. Nxb4 a5 25. Nc5 Rxb4 26. Qf3 a4 27. h4 h5 28. Bf1
Qd6 29. g4 hxg4 30. Qxg4 Rb2 31. Rc3 a3 32. Bxc4 dxc4 33. Rxa3 Qd5 34. Qh3 Rd8
35. Re3 Kg7 36. Re7 Qxc5 0-1

[Event "Icelandic Team Championship 2021-22 - Pr"]
[Site "Reykjavik"]
[Date "2021.09.30"]
[Round "1.3"]
[White "Pantzar, Milton"]
[Black "Bergsson, Snorri"]
[Result "1-0"]
[WhiteElo "2423"]
[BlackElo "2246"]
[PlyCount "39"]
[EventDate "2021.09.30"]
[WhiteTeam "Taflfélag Garðabæjar"]
[BlackTeam "Skákdeild Breiðabliks"]

1. e4 e6 2. d4 d5 3. exd5 exd5 4. Nf3 Bd6 5. Bd3 Ne7 6. O-O Nbc6 7. c3 Bg4 8.
b3 Qd7 9. h3 Bf5 10. c4 Bxd3 11. Qxd3 dxc4 12. bxc4 O-O-O 13. Nc3 Qf5 14. Ne4
Bb4 15. d5 Ne5 16. Nxe5 Qxe5 17. Rb1 f5 18. Ng5 Bd6 19. f4 Qf6 20. Be3 1-0

[Event "Icelandic Team Championship 2021-22 - Pr"]
[Site "Reykjavik"]
[Date "2021.09.30"]
[Round "1.3"]
[White "Einarsson, Halldor Gretar"]
[Black "Storme, Isak"]
[Result "0-1"]
[WhiteElo "2227"]
[BlackElo "2304"]
[PlyCount "78"]
[EventDate "2021.09.30"]
[WhiteTeam "Skákdeild Breiðabliks"]
[BlackTeam "Taflfélag Garðabæjar"]

1. d4 Nf6 2. c4 e6 3. Nf3 d5 4. g3 Bb4+ 5. Bd2 a5 6. Bg2 O-O 7. O-O dxc4 8. Nc3
Nc6 9. a3 Be7 10. e3 Nd5 11. e4 Nxc3 12. Bxc3 Bf6 13. e5 Be7 14. Qa4 Qd7 15.
Qxc4 b5 16. Qb3 Bb7 17. Rfd1 b4 18. d5 exd5 19. Rxd5 Qe6 20. Be1 Rad8 21. Rd3
Rxd3 22. Qxd3 Nxe5 23. Nxe5 Bxg2 24. Kxg2 Qxe5 25. axb4 axb4 26. Rc1 c5 27. Rc2
Rd8 28. Re2 Rxd3 29. Rxe5 Kf8 30. f4 Rb3 31. Re2 Ke8 32. g4 Kd7 33. g5 g6 34.
h4 Bd6 35. Bf2 Kc6 36. f5 gxf5 37. h5 f4 38. Re8 f3+ 39. Kh3 Rxb2 0-1

[Event "Icelandic Team Championship 2021-22 - Pr"]
[Site "Reykjavik"]
[Date "2021.09.30"]
[Round "1.3"]
[White "Kristinsson, Baldur"]
[Black "Ornolfsson, Magnus P."]
[Result "1/2-1/2"]
[WhiteElo "2184"]
[BlackElo "2211"]
[PlyCount "109"]
[EventDate "2021.09.30"]
[WhiteTeam "Taflfélag Garðabæjar"]
[BlackTeam "Skákdeild Breiðabliks"]

1. Nf3 Nf6 2. d4 e6 3. g3 b5 4. Bg2 Bb7 5. O-O c5 6. c3 Be7 7. Bf4 O-O 8. a4 b4
9. dxc5 Bxc5 10. Bd6 Bxd6 11. Qxd6 Nc6 12. cxb4 Ne4 13. Qf4 Nxb4 14. Nfd2 f5
15. Nxe4 fxe4 16. Qd2 a5 17. Nc3 d5 18. f4 Qb6+ 19. e3 Ba6 20. Rfd1 Nd3 21. Nb5
Bxb5 22. axb5 e5 23. Bf1 exf4 24. gxf4 d4 25. Bxd3 exd3 26. e4 Qg6+ 27. Qg2
Qxg2+ 28. Kxg2 Rxf4 29. Rxd3 Rxe4 30. b4 a4 31. b6 Rb8 32. Kf3 Rh4 33. Kg3 g5
34. Rxa4 Rxb6 35. b5 Rxb5 36. Raxd4 Rxd4 37. Rxd4 h5 38. Rd7 Rf5 39. Ra7 Rc5
40. Rb7 Rc3+ 41. Kg2 g4 42. Rb5 Rh3 43. Rb7 Kf8 44. Ra7 Rf3 45. Ra5 Rh3 46. Ra7
Rd3 47. Ra5 h4 48. Ra4 h3+ 49. Kf1 Rd1+ 50. Kf2 Rd2+ 51. Kg3 Rg2+ 52. Kh4 Rxh2
53. Kxg4 Rh1 54. Kg3 Re1 55. Kxh3 1/2-1/2

[Event "Icelandic Team Championship 2021-22 - Pr"]
[Site "Reykjavik"]
[Date "2021.09.30"]
[Round "1.3"]
[White "Ingvason, Johann"]
[Black "Petersson, Baldur Teodor"]
[Result "1/2-1/2"]
[WhiteElo "2182"]
[BlackElo "2214"]
[PlyCount "92"]
[EventDate "2021.09.30"]
[WhiteTeam "Skákdeild Breiðabliks"]
[BlackTeam "Taflfélag Garðabæjar"]

1. e4 e6 2. d4 d5 3. Nc3 Nf6 4. Bg5 dxe4 5. Nxe4 Be7 6. Nxf6+ Bxf6 7. Bxf6 Qxf6
8. Nf3 O-O 9. Bd3 c5 10. c3 cxd4 11. cxd4 Nc6 12. Be4 Bd7 13. Qd3 g6 14. h4 Nb4
15. Qd2 Bc6 16. Bxc6 Nxc6 17. h5 e5 18. Qh6 Nxd4 19. hxg6 Qxg6 20. Nxd4 exd4
21. Qf4 Rfe8+ 22. Kf1 Re4 23. Qf3 Qg4 24. Qd3 Rae8 25. Rh3 Qe2+ 26. Qxe2 Rxe2
27. Rg3+ Kf8 28. Rb3 d3 29. Rxd3 Rxb2 30. a3 Re6 31. Rf3 Reb6 32. g4 Rb1+ 33.
Rxb1 Rxb1+ 34. Kg2 a5 35. Rc3 a4 36. Rc7 b5 37. Rb7 Rb3 38. f3 Kg7 39. Kg3 Kf6
40. Kf4 h6 41. Ke4 Kg6 42. f4 Rxa3 43. Rxb5 Ra1 44. Rb6+ Kg7 45. Ra6 a3 46. Kf5
a2 1/2-1/2

[Event "Icelandic Team Championship 2021-22 - Pr"]
[Site "Reykjavik"]
[Date "2021.09.30"]
[Round "1.3"]
[White "Edvardsson, Kristjan"]
[Black "Briem, Stephan"]
[Result "1-0"]
[WhiteElo "2201"]
[BlackElo "2095"]
[PlyCount "81"]
[EventDate "2021.09.30"]
[WhiteTeam "Taflfélag Garðabæjar"]
[BlackTeam "Skákdeild Breiðabliks"]

1. d4 Nf6 2. c4 e6 3. g3 Bb4+ 4. Bd2 a5 5. Bg2 d6 6. e4 e5 7. Ne2 exd4 8. Nxd4
O-O 9. O-O Re8 10. Qc2 Nbd7 11. Nc3 c6 12. Rad1 Qc7 13. Bf4 Ne5 14. Na4 Ng6 15.
Bg5 h6 16. Bxf6 gxf6 17. a3 Bc5 18. Nxc5 dxc5 19. Ne2 Be6 20. f4 Bg4 21. Bf3
Bxf3 22. Rxf3 Rad8 23. Rfd3 Qc8 24. f5 Ne5 25. Rd6 Nf3+ 26. Kf2 Nd4 27. Rxd8
Rxd8 28. Qd3 Qc7 29. Qe3 Nc2 30. Qc1 Rxd1 31. Qxd1 Nd4 32. Nxd4 cxd4 33. Qxd4
Kg7 34. c5 Qe7 35. Ke3 Qc7 36. Kd3 Qb8 37. Kc4 Qe8 38. g4 Qe7 39. h4 Kh7 40.
Kd3 Qc7 41. Qd6 1-0